000 00652cam a2200217 4500500
005 20260405003839.0
041 _afre
042 _adc
100 1 0 _aGagey, Athénaïs
_eauthor
245 0 0 _aPetit guide analytique pour sortir du flou
260 _c2024.
500 _a68
690 _aArguments
690 _aLogique
690 _aPhilosophie analytique
690 _aQuestionnement
690 _aRelativisme moral
690 _aVérité
786 0 _nPhilosophie magazine | 180 | 6 | 2024-06-01 | p. 35-36 | 1951-1787
856 4 1 _uhttps://shs.cairn.info/magazine-philosophie-magazine-2024-6-page-35?lang=fr&redirect-ssocas=7080
999 _c2071405
_d2071405